<?xml version="1.0" encoding="UTF-8"?>
<record
    xmlns:xsi="http://www.w3.org/2001/XMLSchema-instance"
    xsi:schemaLocation="http://www.loc.gov/MARC21/slim http://www.loc.gov/standards/marcxml/schema/MARC21slim.xsd"
    xmlns="http://www.loc.gov/MARC21/slim">

  <leader>04847nam a22002657a 4500</leader>
  <controlfield tag="003">OSt</controlfield>
  <controlfield tag="005">20260515115954.0</controlfield>
  <controlfield tag="008">260121b        |||||||| |||| 00| 0 eng d</controlfield>
  <datafield tag="022" ind1=" " ind2=" ">
    <subfield code="a">0956-5221</subfield>
  </datafield>
  <datafield tag="022" ind1=" " ind2=" ">
    <subfield code="a">1873-3387</subfield>
  </datafield>
  <datafield tag="040" ind1=" " ind2=" ">
    <subfield code="a">TBS</subfield>
    <subfield code="b">EN</subfield>
    <subfield code="c">TBS</subfield>
  </datafield>
  <datafield tag="041" ind1=" " ind2=" ">
    <subfield code="a">eng</subfield>
  </datafield>
  <datafield tag="100" ind1=" " ind2=" ">
    <subfield code="a">Klarsfeld, Alain</subfield>
    <subfield code="9">438</subfield>
    <subfield code="e">author</subfield>
  </datafield>
  <datafield tag="245" ind1=" " ind2=" ">
    <subfield code="a">The diffusion of diversity management</subfield>
    <subfield code="b">: the case of France</subfield>
    <subfield code="c">/ Alain Klarsfeld.</subfield>
  </datafield>
  <datafield tag="260" ind1=" " ind2=" ">
    <subfield code="b">Scandinavian Journal of Management,</subfield>
    <subfield code="c">2009.</subfield>
  </datafield>
  <datafield tag="300" ind1=" " ind2=" ">
    <subfield code="a">363-373 pages.</subfield>
  </datafield>
  <datafield tag="362" ind1=" " ind2=" ">
    <subfield code="a">Scandinavian journal of management, 2009-12, Vol.25 (4), p.363-373</subfield>
  </datafield>
  <datafield tag="520" ind1=" " ind2=" ">
    <subfield code="a">Diversity, a &#x2018;voluntary&#x2019; concern as seen through the Anglo-Saxon lens, and discrimination, a &#x2018;legal&#x2019; mandated concern as seen through the same lens, have simultaneously been gaining popularity in France since 2003. In this respect, this country is undergoing a regulation process with various constituencies promoting new sets of rules to make French society more inclusive. Through three different explanatory lenses, I examine how published discourse regarding adoption of diversity practices is converted into action. These lenses, the Anglo-American business case, which insists on the economic rationality of such adoption, and neo-institutional theory, which views diversity management as a result of isomorphic change processes, is joined by French social regulation theory, which posits diversity management as part of a process of designing new rules. My data shows that mandated practices have higher adoption rates than voluntary practices, but there are important variations in terms of rates of adoption, within both voluntary and mandatory processes. Besides the perceived threats from not complying, French managers take into account levels of flexibility as well as implementation cost. In this sense, French organizational constituents mediate the various initiatives suggested to them by their environment and exert a form of autonomous regulation. Laws focus attention and trigger action, rather than constraining it.</subfield>
  </datafield>
  <datafield tag="630" ind1=" " ind2="0">
    <subfield code="a">MSc International Business</subfield>
    <subfield code="9">26977</subfield>
  </datafield>
  <datafield tag="650" ind1=" " ind2="0">
    <subfield code="a">Discrimination</subfield>
    <subfield code="9">13533</subfield>
  </datafield>
  <datafield tag="650" ind1=" " ind2="0">
    <subfield code="a">Coercive process</subfield>
    <subfield code="9">27005</subfield>
  </datafield>
  <datafield tag="650" ind1=" " ind2="0">
    <subfield code="a">Institutional approach</subfield>
    <subfield code="9">27006</subfield>
  </datafield>
  <datafield tag="856" ind1=" " ind2=" ">
    <subfield code="u">https://pdf.sciencedirectassets.com/271731/1-s2.0-S0956522109X00059/1-s2.0-S0956522109000979/main.pdf?X-Amz-Security-Token=IQoJb3JpZ2luX2VjEMX%2F%2F%2F%2F%2F%2F%2F%2F%2F%2FwEaCXVzLWVhc3QtMSJHMEUCIG5VbdJ0Es%2FkaidoEaP2c7drMOWWQKLc5%2BzDrAtLNp9uAiEA2MGsemUPIrV6JqWaX5FV3QyP0xM5opJpwrvHBMeKQ9kqvAUIjf%2F%2F%2F%2F%2F%2F%2F%2F%2F%2FARAFGgwwNTkwMDM1NDY4NjUiDL%2FkWy8Npg%2BduUXVZiqQBSjgy5pN8xYKQVPS3SvoWf4cKAT6PrZ7GnHHemYRDvKSLjU3S667ZXpTcFSXOdL3EelhFVgcol%2BwGwlDXT1Q%2FQGvx5rbAnUwVQJtv9Q2HsOnpUTznRvJbdH1i0rTTgmqrQTa4rliG5D0FERyBbKPY88WeLLTH3mBC5q6sGaA%2FJ9Z6Wg1CCH4t3NyYW5wvK6%2FE0GNcJksLfPcfuFf9BeF8lHhZE0fAJop0IulhTYxOo%2FXjuT79xSQh9oJ%2F9kdl89Wixlq4jM4ehVkDDmPC1L80J5%2FEvE%2BY%2FT8ieYzaaT8fgyzO%2BIO%2F3LOjwlQCMAefi9Nh1vU2dx7H0EIOG1bMKL8qzCY%2BwXqwkHkuQ0Cys41hwxVpiYEm7bpPFZ4gQAI77WxLPWGQMSuy0vjaS%2BbU2vPzp36ejvU4POjS77pYQDKrMB%2FvNATYN3b%2BD2LyjK1itt0c9xt%2F9YOB89yjJi%2Bs3nIzWQ0HIWBDTERG8KCkBHs%2BTN8Ad2gGHDvBXZ20cynnDE%2BUnt21%2FHwgHI%2FpYG%2Fj8htW%2B5Heq1KVb31f4GKLhnCY7ypR3nSX3Bw6Vi1iJkYKHgQ%2B7guRHCTJkuZ1i1%2FeIvKFN5kvpzWUGOFuSsw7TC0%2FZN7EZUZFra%2F03exDg9nX09w%2BK08iQIBj4K8kkA4cOS9djPJdP5h4OiAmauKy5hrpHKAJeXTSMg0CDtWVj0K2b1OdRQnxOop7F8ORj1cRt%2F6fRwwpgg9htTEeSbF1oWjZSk4lEgD27Ygyw86s4Kqs%2BotWYr%2FSYtPW2DCFaYpqUb027Ebf2i8NGNkeczk0lCzTKByEUryf88VKf1VXdhZU9VkeOzxDbTsvUABW37bFG5DxUUduOP%2BpQqFyfexVRV9BHR3MPCgp8wGOrEBFYhshrRUpxIavz4vNsh7N7xKL%2FGEC3RHoskSSH3Ce2gJ7RFKwIcGzzTlPymNJXaY%2FBlQdQnlmN6RiSPB3FgCdInXfm7uVXHelvW9rP30x5u5HU%2Bg080WrNkny3eE%2BWRlZsaHKEhGgNzDKEU8Yt0ryMPjkKe6ezglJ8C5%2F2wKl2hCxuavsnsyZc6q%2BDe16w7rAoSrP7c78vYw7qlthYYrU7i5jrtteVbavq%2BfDX8m41EP&amp;X-Amz-Algorithm=AWS4-HMAC-SHA256&amp;X-Amz-Date=20260209T134537Z&amp;X-Amz-SignedHeaders=host&amp;X-Amz-Expires=300&amp;X-Amz-Credential=ASIAQ3PHCVTY5MWT77ZD%2F20260209%2Fus-east-1%2Fs3%2Faws4_request&amp;X-Amz-Signature=a032bd65d36fbf34e5a3950ca0cde2f846388d64a729e24e202aabf301b40676&amp;hash=fda32fede16d52aab664beb97fcfa7e4530eb9eb57fcc0ea75997d29c2da690e&amp;host=68042c943591013ac2b2430a89b270f6af2c76d8dfd086a07176afe7c76c2c61&amp;pii=S0956522109000979&amp;tid=spdf-83d47892-1b5f-450c-96f5-306f3f97f103&amp;sid=a475499449fb7847374abaa1bcab5d500186gxrqb&amp;type=client&amp;tsoh=d3d3LXNjaWVuY2VkaXJlY3QtY29tLmh1Yi50YnMtZWR1Y2F0aW9uLmZy&amp;rh=d3d3LXNjaWVuY2VkaXJlY3QtY29tLmh1Yi50YnMtZWR1Y2F0aW9uLmZy&amp;ua=1c1d5c02005c010b0452&amp;rr=9cb3cee7eb5a9eff&amp;cc=fr&amp;kca=eyJrZXkiOiJaMXJzT2NFRkxFbitlNFJZc00xRzZrUkFJbWRUUmliOGNCVGJrZ29MSmJ5RmhWWXhNcTlBdWpKYlJvVmxXS0JjdXFKNHZsbG1wODdMMmF2UWZydUhmL1o3TnlDWW45U3hvaENISVBDZmtxYldhbGVxR2prWWhxbHJwUnJ6aXRkR3kzaDJXVE1nbFlyRWVOdXMybUVYOWRiUi9FVEYxb1doWG55STg5MjlVeDV4QWk1V0x3PT0iLCJpdiI6ImU4OGRjZWZmMjMwMDMzYjc5MTE5OTA5NjQ0MGI3MGIyIn0=_1770644747112</subfield>
  </datafield>
  <datafield tag="942" ind1=" " ind2=" ">
    <subfield code="2">lcc</subfield>
  </datafield>
  <datafield tag="952" ind1=" " ind2=" ">
    <subfield code="0">0</subfield>
    <subfield code="1">0</subfield>
    <subfield code="2">lcc</subfield>
    <subfield code="4">0</subfield>
    <subfield code="7">0</subfield>
    <subfield code="8">CT</subfield>
    <subfield code="a">TBS</subfield>
    <subfield code="b">TBS</subfield>
    <subfield code="d">2026-05-13</subfield>
    <subfield code="l">0</subfield>
    <subfield code="p">5215</subfield>
    <subfield code="r">2026-05-13</subfield>
    <subfield code="u">https://pdf.sciencedirectassets.com/271731/1-s2.0-S0956522109X00059/1-s2.0-S0956522109000979/main.pdf?X-Amz-Security-Token=IQoJb3JpZ2luX2VjEMX%2F%2F%2F%2F%2F%2F%2F%2F%2F%2FwEaCXVzLWVhc3QtMSJHMEUCIG5VbdJ0Es%2FkaidoEaP2c7drMOWWQKLc5%2BzDrAtLNp9uAiEA2MGsemUPIrV6JqWaX5FV3QyP0xM5opJpwrvHBMeKQ9kqvAUIjf%2F%2F%2F%2F%2F%2F%2F%2F%2F%2FARAFGgwwNTkwMDM1NDY4NjUiDL%2FkWy8Npg%2BduUXVZiqQBSjgy5pN8xYKQVPS3SvoWf4cKAT6PrZ7GnHHemYRDvKSLjU3S667ZXpTcFSXOdL3EelhFVgcol%2BwGwlDXT1Q%2FQGvx5rbAnUwVQJtv9Q2HsOnpUTznRvJbdH1i0rTTgmqrQTa4rliG5D0FERyBbKPY88WeLLTH3mBC5q6sGaA%2FJ9Z6Wg1CCH4t3NyYW5wvK6%2FE0GNcJksLfPcfuFf9BeF8lHhZE0fAJop0IulhTYxOo%2FXjuT79xSQh9oJ%2F9kdl89Wixlq4jM4ehVkDDmPC1L80J5%2FEvE%2BY%2FT8ieYzaaT8fgyzO%2BIO%2F3LOjwlQCMAefi9Nh1vU2dx7H0EIOG1bMKL8qzCY%2BwXqwkHkuQ0Cys41hwxVpiYEm7bpPFZ4gQAI77WxLPWGQMSuy0vjaS%2BbU2vPzp36ejvU4POjS77pYQDKrMB%2FvNATYN3b%2BD2LyjK1itt0c9xt%2F9YOB89yjJi%2Bs3nIzWQ0HIWBDTERG8KCkBHs%2BTN8Ad2gGHDvBXZ20cynnDE%2BUnt21%2FHwgHI%2FpYG%2Fj8htW%2B5Heq1KVb31f4GKLhnCY7ypR3nSX3Bw6Vi1iJkYKHgQ%2B7guRHCTJkuZ1i1%2FeIvKFN5kvpzWUGOFuSsw7TC0%2FZN7EZUZFra%2F03exDg9nX09w%2BK08iQIBj4K8kkA4cOS9djPJdP5h4OiAmauKy5hrpHKAJeXTSMg0CDtWVj0K2b1OdRQnxOop7F8ORj1cRt%2F6fRwwpgg9htTEeSbF1oWjZSk4lEgD27Ygyw86s4Kqs%2BotWYr%2FSYtPW2DCFaYpqUb027Ebf2i8NGNkeczk0lCzTKByEUryf88VKf1VXdhZU9VkeOzxDbTsvUABW37bFG5DxUUduOP%2BpQqFyfexVRV9BHR3MPCgp8wGOrEBFYhshrRUpxIavz4vNsh7N7xKL%2FGEC3RHoskSSH3Ce2gJ7RFKwIcGzzTlPymNJXaY%2FBlQdQnlmN6RiSPB3FgCdInXfm7uVXHelvW9rP30x5u5HU%2Bg080WrNkny3eE%2BWRlZsaHKEhGgNzDKEU8Yt0ryMPjkKe6ezglJ8C5%2F2wKl2hCxuavsnsyZc6q%2BDe16w7rAoSrP7c78vYw7qlthYYrU7i5jrtteVbavq%2BfDX8m41EP&amp;X-Amz-Algorithm=AWS4-HMAC-SHA256&amp;X-Amz-Date=20260209T134537Z&amp;X-Amz-SignedHeaders=host&amp;X-Amz-Expires=300&amp;X-Amz-Credential=ASIAQ3PHCVTY5MWT77ZD%2F20260209%2Fus-east-1%2Fs3%2Faws4_request&amp;X-Amz-Signature=a032bd65d36fbf34e5a3950ca0cde2f846388d64a729e24e202aabf301b40676&amp;hash=fda32fede16d52aab664beb97fcfa7e4530eb9eb57fcc0ea75997d29c2da690e&amp;host=68042c943591013ac2b2430a89b270f6af2c76d8dfd086a07176afe7c76c2c61&amp;pii=S0956522109000979&amp;tid=spdf-83d47892-1b5f-450c-96f5-306f3f97f103&amp;sid=a475499449fb7847374abaa1bcab5d500186gxrqb&amp;type=client&amp;tsoh=d3d3LXNjaWVuY2VkaXJlY3QtY29tLmh1Yi50YnMtZWR1Y2F0aW9uLmZy&amp;rh=d3d3LXNjaWVuY2VkaXJlY3QtY29tLmh1Yi50YnMtZWR1Y2F0aW9uLmZy&amp;ua=1c1d5c02005c010b0452&amp;rr=9cb3cee7eb5a9eff&amp;cc=fr&amp;kca=eyJrZXkiOiJaMXJzT2NFRkxFbitlNFJZc00xRzZrUkFJbWRUUmliOGNCVGJrZ29MSmJ5RmhWWXhNcTlBdWpKYlJvVmxXS0JjdXFKNHZsbG1wODdMMmF2UWZydUhmL1o3TnlDWW45U3hvaENISVBDZmtxYldhbGVxR2prWWhxbHJwUnJ6aXRkR3kzaDJXVE1nbFlyRWVOdXMybUVYOWRiUi9FVEYxb1doWG55STg5MjlVeDV4QWk1V0x3PT0iLCJpdiI6ImU4OGRjZWZmMjMwMDMzYjc5MTE5OTA5NjQ0MGI3MGIyIn0=_1770644747112</subfield>
    <subfield code="w">2026-05-13</subfield>
    <subfield code="y">ARTICLE</subfield>
  </datafield>
  <datafield tag="999" ind1=" " ind2=" ">
    <subfield code="c">5215</subfield>
    <subfield code="d">5215</subfield>
  </datafield>
</record>
